| 000 | 00949cam a2200265 4500 | ||
|---|---|---|---|
| 001 | WS115376 | ||
| 008 | 011029n 000 0 eng u | ||
| 035 | _a(Sirsi) u115376 | ||
| 245 | _aPrivate Finance-i.com | ||
| 520 | _aWeb site which describes itself a 'a business to business vertical market portal' for private finance. Includes lists of tenders, market analysis reports, details of projects, outline of legislation and regulatory guidance. | ||
| 650 | _aEIRE | ||
| 650 | _aSCOTLAND | ||
| 650 | _aNETHERLANDS | ||
| 650 | _aAUSTRALIA | ||
| 650 | _aSOUTH AFRICA | ||
| 650 | _aINTERNATIONAL | ||
| 650 | _aTENDERS | ||
| 650 | _aPRIVATE FINANCE | ||
| 650 | _aLEGISLATION | ||
| 650 | _aPRIVATE FINANCE INITIATIVE | ||
| 650 | _aBEST VALUE | ||
| 690 | _aMANAGEMENT-BUSINESS MANAGEMENT-FINANCIAL MANAGEMENT | ||
| 856 | 4 | 0 |
_uhttps://www.privatefinance-i.com _zView the website free of charge at www.privatefinance-i.com... |
| 942 | _n0 | ||
| 999 |
_c119945 _d119945 |
||